00756nam a2200217 a 450000100100000000500170001000800410002702000150006804000250008308200150010810000270012324500880015026000380023830000280027649000170030450400320032170000310035383000240038495201130040899900170052100004278220201002040407.0140210s1976 sp a 000 0 spa d a847175102X aDO-SdBNPbspacBNPHU axxxbS235C1 aCobreros, Jaime97012413aEl Camino Iniciático de Santiago /cJuan Pedro Morín Bentejac y Jaime Cobreros. aBarcelona :bEdiciones 29,c1976. a345 p. :bil. ;c20 cm. aMás allá aBibliografía : p. 343-34512aMorín, Juan Pedro970125 0aMás allá970126 001050718MOaGRbGRcCTd2014-02-10iLF1l0oxxx S235Cp42782-10r2020-06-25w2020-06-25y1ZNo se presta c42271d42271